000 00491nam a2200181Ia 4500
005 20250508152852.0
008 008 250505s9999 xx 000 0 eng d
037 _aTextual
040 _aFEDL
_beng
_cFEDL
041 _aeng
_2eng
084 _a821, CHA
_qFEDL
100 _aChattopadhyaya Harindranath
245 0 _aMasks and farewells
260 _aBombay, India
_bAsia Publishing House
_c1961
300 _a61p.
942 _cTEXL
_h821, CHA
999 _c1339296
_d1339296